|
|
|
|
| LEADER |
01070nam a22002297a 4500 |
| 008 |
230208t2022 bg ||||| b||| 00| 0 ben d |
| 040 |
|
|
|a BD-DhAAL
|c BD-DhAAL
|
| 041 |
|
|
|a ben
|
| 082 |
|
|
|a 079.095492
|2 23
|
| 245 |
|
|
|a সাহিত্য পত্রিকা /
|c সৈয়দ আজিজুল হক সম্পাদিত.
|
| 246 |
|
|
|a Sahitya patrika
|
| 260 |
|
|
|a ঢাকা :
|b ঢাকা বিশ্ববিদ্যালয়,
|c ২০২২.
|
| 300 |
|
|
|a Vol. 57, no. 3 (Jun. 2022)
|
| 526 |
|
|
|a GenEd
|
| 541 |
|
|
|a Development Book Agency
|
| 650 |
|
|
|a Newspaper
|z Bangladesh.
|9 53582
|
| 650 |
|
|
|a Bengali literature.
|
| 700 |
|
|
|a হক, সৈয়দ আজিজুল
|
| 942 |
|
|
|2 ddc
|c CR
|s 1
|
| 999 |
|
|
|c 45492
|d 45492
|
| 952 |
|
|
|0 0
|1 0
|2 ddc
|4 0
|6 079_095492000000000_SAH
|7 0
|8 REF
|9 73209
|a SCL
|b SCL
|c REF
|d 2023-02-08
|g 250.00
|h Vol 57, No 3
|l 0
|o 079.095492 SAH
|r 2023-02-08
|t 1
|w 2023-02-08
|y CR
|
| 952 |
|
|
|0 0
|1 0
|2 ddc
|4 0
|6 079_095492000000000_SAH
|7 0
|8 REF
|9 73210
|a SCL
|b SCL
|c REF
|d 2023-02-08
|g 250.00
|h Vol 57, No 3
|l 0
|o 079.095492 SAH
|r 2023-02-08
|t 2
|w 2023-02-08
|y CR
|